Del juego a la vida: unidad pedagógica del scoutismo

Uloženo v:
Podrobná bibliografie
Hlavní autor: Bansart, Andrés (Autor)
Médium: Kniha
Jazyk:španělština
Vydáno: Santiago Del Pacífico 1967
Témata:
Tagy: Přidat tag
Žádné tagy, Buďte první, kdo vytvoří štítek k tomuto záznamu!

MARC

LEADER 00000nam a2200000 a 4500
001 UCW7379
003 CL-VaPUC
008 921120e19670000CL |||||||||||||||||spa|d
082 0 4 |a 369.43  |b BAN  |2 21 
100 0 |a Bansart, Andrés  |e author  |9 312534 
245 1 0 |a Del juego a la vida: unidad pedagógica del scoutismo 
300 |a 151 p 
942 |c BK 
945 |d 19921120 00:00:00 
260 |a Santiago  |b Del Pacífico  |c 1967 
650 7 |a BOY SCOUTS  |2 CL-VaPUC  |9 312535 
583 |a last modification  |c 19921120 00:00:00  |k Rodrigo Vera 
999 |c 220162  |d 220160 
952 |0 0  |1 0  |4 0  |6 369_430000000000000_BAN_1967  |7 0  |8 P  |9 212030  |a BIBEDU  |b BIBEDU  |c BIBEDU_PB  |d 2019-11-15  |i 2802562  |o 369.43 BAN 1967  |p 2802562  |r 2024-01-25  |w 2019-11-15  |y BK  |k EDU